[Event "Hénin Beaumont-Issy les Moulineaux"]
[Site "Henin Beaumont"]
[Date "2008.03.15"]
[Round "8.8"]
[White "Zoeller, Laure"]
[Black "Belafkih, Kimia"]
[Result "1-0"]
[WhiteElo "1991"]
[BlackElo "1430"]
[PlyCount "69"]
[EventDate "2008.03.15"]
[SourceDate "2007.10.24"]

1. e4 e5 2. Nf3 Nc6 3. d4 exd4 4. Bc4 Be7 5. O-O d6 6. Nxd4 Ne5 7. Bb3 Nf6 8.
Nc3 O-O 9. f4 Ng6 10. Kh1 Re8 11. Qd3 Qd7 12. Bd2 b6 13. Ba4 Qd8 14. Bxe8 Qxe8
15. Rae1 Bb7 16. Nf5 Bf8 17. Nd5 Qd8 18. c4 Ba6 19. Bc3 Rb8 20. Nh6+ gxh6 21.
Nxf6+ Kh8 22. Nh5+ Kg8 23. Nf6+ Kh8 24. b3 Bg7 25. Nh5 Qf8 26. Bxg7+ Qxg7 27.
Nxg7 Kxg7 28. Qg3 Kf8 29. h4 Bb7 30. f5 Ne7 31. e5 dxe5 32. Qxe5 Re8 33. f6 Ba6
34. fxe7+ Rxe7 35. Qh8# 1-0

[Event "Lille-Le Vesinet"]
[Site "Henin Beaumont"]
[Date "2008.03.15"]
[Round "8.1"]
[White "Cappon, John"]
[Black "Jessel, Stephen"]
[Result "1/2-1/2"]
[WhiteElo "2215"]
[BlackElo "2309"]
[PlyCount "60"]
[EventDate "2008.03.??"]
[SourceDate "2007.10.24"]

1. e4 e6 2. d4 d5 3. Nc3 Nf6 4. e5 Nfd7 5. f4 c5 6. Nf3 Nc6 7. Be3 cxd4 8. Nxd4
Bc5 9. Qd2 O-O 10. O-O-O a6 11. Nb3 Bb4 12. a3 Be7 13. g4 b5 14. g5 b4 15. axb4
Bxb4 16. Qf2 a5 17. Na4 Ba6 18. Bxa6 Rxa6 19. Rhg1 Qc7 20. Rg3 Rc8 21. Kb1 Be7
22. Bc5 Nxc5 23. Nbxc5 Bxc5 24. Qxc5 Qb7 25. Rc3 Na7 26. Qe3 Rac6 27. f5 Nb5
28. Rb3 Qa6 29. fxe6 fxe6 30. h4 Rxc2 1/2-1/2

[Event "Lille-Le Vesinet"]
[Site "Henin Beaumont"]
[Date "2008.03.15"]
[Round "8.2"]
[White "Krivokapic, Ratko"]
[Black "Bouhallel, Rabah"]
[Result "1/2-1/2"]
[WhiteElo "2199"]
[BlackElo "2287"]
[PlyCount "155"]
[EventDate "2008.03.??"]
[SourceDate "2007.10.24"]

1. Nf3 Nf6 2. g3 d5 3. Bg2 c6 4. O-O Bf5 5. b3 e6 6. Bb2 Be7 7. d3 h6 8. Nbd2
O-O 9. Ne5 a5 10. e4 Bh7 11. a3 Nbd7 12. Nxd7 Nxd7 13. f4 Bf6 14. e5 Be7 15.
Kh1 b5 16. Qe2 Rb8 17. g4 Re8 18. Rf3 f6 19. Raf1 fxe5 20. fxe5 Rf8 21. Rxf8+
Nxf8 22. Nf3 Ng6 23. Bc1 c5 24. Bh3 Nf8 25. g5 hxg5 26. Rg1 Bf5 27. Nxg5 Qe8
28. Bxf5 exf5 29. Qf3 Bxg5 30. Qxd5+ Qe6 31. Qxe6+ Nxe6 32. Bxg5 Rb7 33. Bd2 b4
34. a4 Rd7 35. Rf1 g6 36. Be1 Nd4 37. Bf2 Ne6 38. Bh4 g5 39. Rg1 Rg7 40. Bf2
Kf7 41. c3 Nf4 42. Bxc5 Nxd3 43. cxb4 Ke6 44. Bb6 axb4 45. a5 Nxe5 46. Re1 Kd5
47. Rd1+ Kc6 48. Bd4 Rd7 49. Rc1+ Kd5 50. Bxe5 Kxe5 51. Rc4 Rd1+ 52. Kg2 Rd2+
53. Kg1 Ra2 54. Rxb4 Rxa5 55. h3 Ra2 56. Kh1 Rb2 57. Kg1 f4 58. Kh1 Kf5 59. Kg1
Kg6 60. h4 Kh5 61. hxg5 Kxg5 62. Rb8 Kg4 63. Rb7 Kg3 64. Rg7+ Kf3 65. Rh7 Rb1+
66. Kh2 Kf2 67. Rc7 Rb2 68. b4 f3 69. b5 Ke1+ 70. Kg3 f2 71. Rc1+ Kd2 72. Rf1
Ke3 73. Rc1 Ke2 74. Kg2 Rxb5 75. Rc2+ Ke1 76. Rc1+ Kd2 77. Ra1 Rf5 78. Kf1
1/2-1/2

[Event "Lille-Le Vesinet"]
[Site "Henin Beaumont"]
[Date "2008.03.15"]
[Round "8.3"]
[White "Roger, Mehdi"]
[Black "Glod, Philippe"]
[Result "0-1"]
[WhiteElo "2199"]
[BlackElo "2174"]
[PlyCount "44"]
[EventDate "2008.03.??"]
[SourceDate "2007.10.24"]

1. e4 e5 2. f4 exf4 3. Nf3 g5 4. Nc3 Bg7 5. d4 d6 6. Bb5+ Bd7 7. Bxd7+ Nxd7 8.
O-O h6 9. Qd3 Ne7 10. d5 O-O 11. Nd4 c5 12. dxc6 bxc6 13. Nce2 Ne5 14. Qh3 Qc8
15. Qxc8 Rfxc8 16. b3 Rd8 17. Ba3 Ng4 18. Rfd1 Be5 19. h3 Ne3 20. Rd2 Ng6 21.
Kf2 d5 22. Rg1 dxe4 {suite illisible} 0-1

[Event "Lille-Le Vesinet"]
[Site "Henin Beaumont"]
[Date "2008.03.15"]
[Round "8.4"]
[White "Large, Laurent"]
[Black "Julve, Philippe"]
[Result "1-0"]
[WhiteElo "2263"]
[BlackElo "2237"]
[PlyCount "93"]
[EventDate "2008.03.??"]
[SourceDate "2007.10.24"]

1. d4 Nf6 2. Bg5 Ne4 3. h4 d5 4. Nd2 Bf5 5. Nxe4 dxe4 6. e3 h6 7. Bf4 e6 8. g4
Bg6 9. c3 Nd7 10. Qb3 Nb6 11. Ne2 Bd6 12. Bg2 Qd7 13. c4 f5 14. c5 Bxf4 15.
Nxf4 Bf7 16. cxb6 e5 17. Qc3 exf4 18. Qxc7 f3 19. Bh3 Qb5 20. Qe5+ Qxe5 21.
dxe5 fxg4 22. Bxg4 O-O 23. e6 Bg6 24. bxa7 Rxa7 25. O-O b5 26. Rfd1 Bf5 27.
Bxf5 Rxf5 28. Kh2 Re7 29. Rd8+ Kh7 30. Rd7 Rxd7 31. exd7 Rd5 32. a4 Kg6 33. a5
Rxd7 34. a6 Ra7 35. Ra5 Kf6 36. Kg3 g5 37. hxg5+ hxg5 38. Kg4 Ke6 39. Kxg5 Kd5
40. Rxb5+ Kc4 41. Ra5 Kd3 42. b4 Kc4 43. Kf4 Kxb4 44. Ra1 Kb5 45. Kxe4 Rxa6 46.
Rxa6 Kxa6 47. Kxf3 1-0

[Event "Lille-Le Vesinet"]
[Site "Henin Beaumont"]
[Date "2008.03.15"]
[Round "8.6"]
[White "Saglier, Paul"]
[Black "Burgnies, Stephane"]
[Result "0-1"]
[WhiteElo "1886"]
[BlackElo "2157"]
[PlyCount "80"]
[EventDate "2008.03.??"]
[SourceDate "2007.10.24"]

1. Nf3 Nf6 2. d4 d5 3. c4 c6 4. e3 e6 5. Bd3 Nbd7 6. Nc3 dxc4 7. Bxc4 b5 8. Bd3
a6 9. e4 c5 10. e5 cxd4 11. Nxb5 Ng4 12. Nbxd4 Bb7 13. Qa4 Qb6 14. O-O Bc5 15.
Be2 O-O 16. Qxd7 Rfd8 17. Qa4 Bxd4 18. Nxd4 Rxd4 19. Qb3 Qxb3 20. axb3 Nxe5 21.
Ra4 Rxa4 22. bxa4 Rc8 23. Rd1 h6 24. Bf4 Ng6 25. Bc1 Nh4 26. f3 Bd5 27. a5 Rc2
28. Re1 Bb7 29. Kf2 e5 30. h3 e4 31. f4 e3+ 32. Bxe3 Nxg2 33. Rd1 Rxb2 34. Bd4
Rd2 35. Rb1 Nxf4 36. Rxb7 Nxe2 37. Bb6 Nc1+ 38. Ke3 Nb3 39. Rb8+ Kh7 40. Rb7
Nxa5 0-1

[Event "Lille-Le Vesinet"]
[Site "Henin Beaumont"]
[Date "2008.03.15"]
[Round "8.7"]
[White "Levaux, Christian"]
[Black "Imbert, Etienne"]
[Result "1/2-1/2"]
[WhiteElo "2113"]
[BlackElo "1920"]
[PlyCount "128"]
[EventDate "2008.03.??"]
[SourceDate "2007.10.24"]

1. Nf3 d5 2. c4 c6 3. b3 Nf6 4. g3 g6 5. Bg2 Bg7 6. Bb2 O-O 7. O-O Na6 8. d3
Re8 9. Nbd2 b6 10. a3 Bb7 11. b4 c5 12. b5 Nc7 13. e3 a6 14. a4 axb5 15. cxb5
e6 16. Qb1 Ra7 17. Be5 Nd7 18. Bxg7 Kxg7 19. a5 Rxa5 20. Rxa5 bxa5 21. Qa1+ e5
22. Qxa5 Ne6 23. Qa1 f6 24. e4 Qb6 25. exd5 Bxd5 26. Nc4 Qc7 27. Qb2 Rb8 28.
Rb1 Bxf3 29. Bxf3 Nd4 30. Bg4 Rxb5 31. Qc1 h5 32. Bd1 Rxb1 33. Qxb1 Qc6 34. Qa2
Qc7 35. Qa6 Nb8 36. Qa4 Nbc6 37. Qa8 Nb4 38. Qe4 Qe7 39. f4 Nbc6 40. fxe5 Nxe5
41. g4 hxg4 42. Bxg4 Qc7 43. Nxe5 Qxe5 44. Qxe5 fxe5 45. Kf2 Kf6 46. Ke3 Ne6
47. Ke4 Nf4 48. Bc8 Ke7 49. Kxe5 Nxd3+ 50. Kd5 Kd8 51. Bg4 Kc7 52. Bf3 Kb6 53.
Be4 Nb4+ 54. Ke5 c4 55. Kd4 g5 56. Kxc4 Nc6 57. Kd5 Kc7 58. Ke6 Nd4+ 59. Kf6
Kd6 60. Kxg5 Ke7 61. Bd5 Kf8 62. Kf6 Ne2 63. h4 Ng3 64. Bc4 Ke8 1/2-1/2

[Event "Lille-Le Vesinet"]
[Site "Henin Beaumont"]
[Date "2008.03.15"]
[Round "8.8"]
[White "Millet, Maud"]
[Black "Darondel, Marlene"]
[Result "1-0"]
[WhiteElo "1910"]
[BlackElo "1499"]
[PlyCount "81"]
[EventDate "2008.03.??"]
[SourceDate "2007.10.24"]

1. e4 e5 2. Nf3 Nf6 3. Nc3 Bb4 4. Bc4 O-O 5. d3 d6 6. O-O Nc6 7. a3 Bc5 8. Na4
Qe8 9. Nxc5 dxc5 10. h3 a6 11. Be3 a5 12. Bxc5 Ne7 13. Nxe5 h6 14. Bxe7 Qxe7
15. Ng6 Qe8 16. Nxf8 Qxf8 17. e5 Nd7 18. d4 Nb6 19. Ba2 Bf5 20. Rc1 Be4 21. c4
c6 22. Qg4 Bd3 23. Rfd1 Bxc4 24. Bxc4 Nxc4 25. Rxc4 Qe7 26. d5 cxd5 27. Rxd5 b6
28. Qd7 Re8 29. Qxe7 Rxe7 30. Rc6 a4 31. Rxb6 g6 32. Ra6 f5 33. Rxg6+ Kf8 34.
Rf6+ Ke8 35. e6 Rc7 36. Rdxf5 Rc1+ 37. Kh2 Re1 38. Rxh6 Kd8 39. Rf7 Rxe6 40.
Rxe6 Kc8 41. Re8# 1-0

[Event "Rueil Malmaison-Arras"]
[Site "Henin Beaumont"]
[Date "2008.03.15"]
[Round "8.1"]
[White "Williams, Simon"]
[Black "Saiboulatov, Danial"]
[Result "1/2-1/2"]
[WhiteElo "2482"]
[BlackElo "2373"]
[PlyCount "98"]
[EventDate "2008.03.15"]
[SourceDate "2007.10.24"]

1. d4 e6 2. c4 Bb4+ 3. Nd2 Nf6 4. Ngf3 d6 5. Qc2 Nc6 6. a3 Bxd2+ 7. Bxd2 e5 8.
d5 Ne7 9. e4 Ng6 10. h4 Bg4 11. Ng1 h6 12. f3 Bd7 13. g4 Nh7 14. h5 Ngf8 15. c5
Ng5 16. Rc1 Qf6 17. Qb3 b6 18. cxb6 cxb6 19. Rc7 Qd8 20. Qc2 Rc8 21. Rxc8 Qxc8
22. Qxc8+ Bxc8 23. Bb5+ Ke7 24. Kf2 Bd7 25. Ba6 Nfh7 26. Ne2 Bc8 27. Bd3 Bd7
28. Ba6 Bc8 29. Bb5 Bd7 30. a4 Rc8 31. Bc3 Nf6 32. Ng3 Bxb5 33. axb5 Ne8 34.
Nf5+ Kd7 35. Ra1 Kc7 36. Kg3 f6 37. Bd2 Kd8 38. Bb4 Kd7 39. Ra3 Nf7 40. Bd2 Ng5
41. Be3 Kd8 42. Ra4 Kd7 43. f4 Nf7 44. Nh4 Kc7 45. Ng6 Kb7 46. Nf8 Rc2 47. Rb4
Kb8 48. Ne6 Kc8 49. Kf3 Kb8 1/2-1/2

[Event "Rueil Malmaison-Arras"]
[Site "Henin Beaumont"]
[Date "2008.03.15"]
[Round "8.2"]
[White "Bauduin, Etienne"]
[Black "Bratanov, Jivko"]
[Result "0-1"]
[WhiteElo "2301"]
[BlackElo "2451"]
[PlyCount "58"]
[EventDate "2008.03.15"]
[SourceDate "2007.10.24"]

1. Nf3 Nf6 2. c4 e6 3. g3 a6 4. Bg2 b5 5. b3 Bb7 6. O-O c5 7. Nc3 Qb6 8. e3 Be7
9. Bb2 O-O 10. Rc1 d6 11. Ba1 Nbd7 12. d3 Rad8 13. Nh4 Bxg2 14. Nxg2 d5 15. Qe2
dxc4 16. dxc4 b4 17. Nb1 Qb7 18. g4 Ne4 19. f3 Bf6 20. Bxf6 Nexf6 21. g5 Nh5
22. f4 g6 23. Rcd1 f6 24. Rd6 fxg5 25. Rfd1 gxf4 26. Nxf4 Rxf4 27. exf4 Nxf4
28. Qg4 Qe4 29. R6d2 Rf8 0-1

[Event "Rueil Malmaison-Arras"]
[Site "Henin Beaumont"]
[Date "2008.03.15"]
[Round "8.3"]
[White "Pein, Malcolm"]
[Black "Laurent, Bruno"]
[Result "1/2-1/2"]
[WhiteElo "2393"]
[BlackElo "2359"]
[PlyCount "96"]
[EventDate "2008.03.15"]
[SourceDate "2007.10.24"]

1. d4 e6 2. c4 Nf6 3. Nc3 c5 4. d5 exd5 5. cxd5 Bd6 6. Nf3 O-O 7. g3 a6 8. a4
Re8 9. Bg2 Bc7 10. O-O d6 11. Re1 Nbd7 12. e4 Nf8 13. Nd2 Rb8 14. b3 Ng6 15.
Bb2 h5 16. Qe2 h4 17. Qf1 Bd7 18. Re2 b5 19. axb5 axb5 20. Nd1 Ng4 21. Nf3 Bb6
22. h3 N4e5 23. Nxe5 Nxe5 24. g4 Ba5 25. Re3 Bd2 26. Bxe5 Bxe3 27. Bxd6 Bd4 28.
Bxb8 Qxb8 29. Qd3 Qb6 30. Ne3 g6 31. Nc2 Be5 32. Ne3 Rc8 33. Bf1 Qf6 34. Ra7
Qf4 35. Bg2 c4 36. bxc4 bxc4 37. Qb1 Rb8 38. Rb7 Ra8 39. Rxd7 Ra1 40. Qxa1 Bxa1
41. Nxc4 Bd4 42. Ne3 Bxe3 43. fxe3 Qxe3+ 44. Kh1 Qc1+ 45. Kh2 Qf4+ 46. Kg1 Qc1+
47. Kh2 Qf4+ 48. Kg1 Qc1+ 1/2-1/2

[Event "Rueil Malmaison-Arras"]
[Site "Henin Beaumont"]
[Date "2008.03.15"]
[Round "8.4"]
[White "Andrieux, Pascal"]
[Black "Pira, Davoud"]
[Result "0-1"]
[WhiteElo "2228"]
[BlackElo "2406"]
[PlyCount "146"]
[EventDate "2008.03.15"]
[SourceDate "2007.10.24"]

1. e4 g6 2. Nc3 Bg7 3. g3 c5 4. Bg2 Nc6 5. d3 Rb8 6. Nge2 b5 7. O-O d6 8. Nd5
e6 9. Ne3 Nge7 10. f4 f5 11. g4 O-O 12. gxf5 gxf5 13. c3 Bb7 14. Ng3 d5 15.
exd5 exd5 16. Qh5 Qd7 17. Bh3 Bc8 18. Re1 Qe6 19. Bd2 Qg6 20. Qf3 Be6 21. Ng2
d4 22. Nh4 Qf6 23. Rxe6 Qxe6 24. Nhxf5 Nxf5 25. Nxf5 Rxf5 26. Bxf5 Qxf5 27.
Qxc6 Qxd3 28. Re1 Rf8 29. Qe6+ Kh8 30. Qe2 Qf5 31. Qe4 Qh5 32. Kh1 Rg8 33. cxd4
cxd4 34. f5 Bf6 35. Bf4 Qg4 36. Be5 Qxe4+ 37. Rxe4 Bxe5 38. Rxe5 Rd8 39. Re2
Kg7 40. Kg2 Kf6 41. Kf2 Rd5 42. Re6+ Kxf5 43. Ra6 Rc5 44. Rxa7 Ke4 45. Ke2 Rc2+
46. Kd1 Rxh2 47. Rb7 Kd3 48. Ke1 Rh1+ 49. Kf2 Rh5 50. Ke1 Re5+ 51. Kd1 Rg5 52.
Ke1 h5 53. Rc7 Rg1+ 54. Kf2 Rb1 55. Rc5 Rxb2+ 56. Ke1 h4 57. Rh5 b4 58. Rxh4
Rxa2 59. Rh3+ Kc4 60. Kd1 Ra3 61. Rh8 Rg3 62. Kc1 Kb3 63. Rb8 Rg1+ 64. Kd2 Ka3
65. Kc2 d3+ 66. Kxd3 b3 67. Kd2 b2 68. Ra8+ Kb3 69. Rb8+ Ka2 70. Ra8+ Kb1 71.
Ra7 Rg8 72. Rd7 Ra8 73. Kc3 Ka1 0-1

[Event "Rueil Malmaison-Arras"]
[Site "Henin Beaumont"]
[Date "2008.03.15"]
[Round "8.5"]
[White "Bafounta, Denis"]
[Black "Goasdoue, Vincent"]
[Result "1-0"]
[WhiteElo "2317"]
[BlackElo "2141"]
[PlyCount "119"]
[EventDate "2008.03.15"]
[SourceDate "2007.10.24"]

1. d4 g6 2. c4 Bg7 3. Nc3 d6 4. e4 Nf6 5. f3 O-O 6. Bg5 h6 7. Be3 Nc6 8. Nge2
a6 9. Qd2 Kh7 10. h4 Rb8 11. g4 Ng8 12. Rc1 e5 13. d5 Na5 14. Ng3 c5 15. Bd3
Bd7 16. h5 g5 17. Nf5 Be8 18. Ne2 b6 19. Kf2 f6 20. b4 Nb7 21. Rb1 a5 22. a3
axb4 23. axb4 Ne7 24. Nxe7 Qxe7 25. Ra1 cxb4 26. Ra7 Qd8 27. Qxb4 Nc5 28. Bc2
Rf7 29. Rxf7 Bxf7 30. Ra1 Qc7 31. Nc3 Be8 32. Ke2 Rb7 33. Rb1 Na6 34. Bxb6 Nxb4
35. Bxc7 Rxc7 36. Rxb4 Kg8 37. Ba4 Bf7 38. Bc6 Ra7 39. Ra4 Rxa4 40. Bxa4 Bf8
41. Kd3 Be7 42. Bc6 Kf8 43. Ne2 Be8 44. Bxe8 Kxe8 45. Ng3 Kd7 46. Kc3 Kc7 47.
Kb3 Kb7 48. Ka4 Ka6 49. Kb4 Kb6 50. Ne2 Bd8 51. Nc3 Be7 52. Na4+ Ka6 53. c5
dxc5+ 54. Kc4 Kb7 55. Nxc5+ Kc7 56. Ne6+ Kd7 57. Ng7 Bf8 58. Nf5 Kc7 59. Kb5
Kb7 60. d6 1-0

[Event "Rueil Malmaison-Arras"]
[Site "Henin Beaumont"]
[Date "2008.03.15"]
[Round "8.6"]
[White "Stawiarski, Edmond"]
[Black "Kirszenberg, Marc"]
[Result "1-0"]
[WhiteElo "2124"]
[BlackElo "2216"]
[PlyCount "81"]
[EventDate "2008.03.15"]
[SourceDate "2007.10.24"]

1. d4 d5 2. Nf3 Nf6 3. Bf4 c5 4. e3 Nc6 5. c3 Qb6 6. Qb3 c4 7. Qc2 Bf5 8. Qc1
e6 9. h3 Be7 10. Nbd2 h6 11. Be2 O-O 12. O-O Qd8 13. Ne5 Nxe5 14. Bxe5 b5 15.
Bf3 Bd3 16. Re1 Ne4 17. Be2 b4 18. f3 bxc3 19. bxc3 Nxd2 20. Qxd2 Bg6 21. Bd1
Qb6 22. Qc1 Qa5 23. a4 Rfd8 24. Re2 Bd6 25. Bxd6 Rxd6 26. Rb2 Rb6 27. Qd2 Rab8
28. Raa2 Bb1 29. Rxb6 Qxb6 30. a5 Qc7 31. Rb2 Bd3 32. Rb4 Qg3 33. Ba4 Bf5 34.
f4 Rxb4 35. cxb4 Be4 36. b5 c3 37. Qf2 Qxf2+ 38. Kxf2 c2 39. Bxc2 Bxc2 40. b6
axb6 41. axb6 1-0

[Event "Rueil Malmaison-Arras"]
[Site "Henin Beaumont"]
[Date "2008.03.15"]
[Round "8.7"]
[White "Gouanelle, Franck"]
[Black "Loyer, Angelique"]
[Result "1-0"]
[WhiteElo "2131"]
[BlackElo "1976"]
[PlyCount "35"]
[EventDate "2008.03.15"]
[SourceDate "2007.10.24"]

1. Nf3 d5 2. c4 c6 3. d4 Nf6 4. Nc3 dxc4 5. a4 Bf5 6. Ne5 e6 7. f3 Bb4 8. e4
Nxe4 9. fxe4 Qh4+ 10. Ke2 Bxe4 11. g3 Qh5+ 12. g4 Bd3+ 13. Kf3 Qh4 14. Nxd3
cxd3 15. Qxd3 Nd7 16. Bf4 O-O-O 17. Qc4 a5 18. Qxc6+ 1-0

[Event "Rueil Malmaison-Arras"]
[Site "Henin Beaumont"]
[Date "2008.03.15"]
[Round "8.8"]
[White "Manet, Eric"]
[Black "Wilson, Alexandra"]
[Result "0-1"]
[WhiteElo "2023"]
[BlackElo "2070"]
[PlyCount "50"]
[EventDate "2008.03.15"]
[SourceDate "2007.10.24"]

1. e4 e6 2. c4 b6 3. Nc3 Bb7 4. d4 Bb4 5. Bd3 f5 6. Qe2 Nf6 7. Bg5 fxe4 8. Bxe4
Bxe4 9. Bxf6 Qxf6 10. Qxe4 O-O 11. Nf3 Nc6 12. Rc1 Qh6 13. Qe3 Qh5 14. a3 Bd6
15. Rd1 Rae8 16. Qg5 Qf7 17. O-O e5 18. d5 e4 19. Nxe4 Rxe4 20. dxc6 dxc6 21.
Qd2 Qh5 22. Qg5 Qf7 23. Qd2 Rg4 24. Qd3 Qxf3 25. Qxf3 Rxf3 0-1

[Event "Neuville en Ferrain-JEEN"]
[Site "Paris"]
[Date "2008.03.15"]
[Round "8.1"]
[White "Depoorter, Enguerran"]
[Black "Simon, Olivier"]
[Result "0-1"]
[WhiteElo "2208"]
[BlackElo "2383"]
[PlyCount "38"]
[EventDate "2008.03.15"]
[SourceDate "2007.10.24"]

1. e4 c5 2. Nf3 g6 3. c3 Bg7 4. d3 Nc6 5. Be3 d6 6. h3 e5 7. Be2 Nge7 8. O-O
O-O 9. Nh2 Be6 10. Na3 b6 11. f4 f5 12. Qd2 d5 13. exd5 Nxd5 14. fxe5 f4 15.
Bf2 Bxe5 16. Nc4 Bg7 17. a4 Nxc3 18. Nxb6 Nxe2+ 19. Qxe2 Nd4 0-1

[Event "Neuville en Ferrain-JEEN"]
[Site "Paris"]
[Date "2008.03.15"]
[Round "8.2"]
[White "Mehaibia, Azzedine"]
[Black "Stevens, Christian"]
[Result "1/2-1/2"]
[WhiteElo "2196"]
[BlackElo "2135"]
[PlyCount "100"]
[EventDate "2008.03.15"]
[SourceDate "2007.10.24"]

1. e4 c5 2. Nf3 d6 3. d4 cxd4 4. Nxd4 Nf6 5. Nc3 e6 6. Be2 a6 7. a4 Nc6 8. O-O
Be7 9. Be3 O-O 10. f4 Qc7 11. Nb3 b6 12. Bf3 Bb7 13. Qe1 Rac8 14. Rd1 Nb4 15.
Rf2 Rfd8 16. Rfd2 d5 17. e5 Nd7 18. Qf2 Bc5 19. Nd4 Nc6 20. Nce2 Ndb8 21. c3
Na5 22. b4 Bxd4 23. Bxd4 Nc4 24. Rd3 Bc6 25. Ra1 Nd7 26. Bg4 Nf8 27. Qg3 Qd7
28. Rf1 Bxa4 29. f5 Bc2 30. fxe6 fxe6 31. Rdf3 Nd2 32. Nf4 Nxf1 33. Rxf1 Re8
34. Bxb6 Ng6 35. Nh5 Rf8 36. Re1 Bf5 37. Be2 Qb7 38. Bd4 Rf7 39. Ra1 Ra8 40.
Qe3 Ne7 41. Nf4 Qc8 42. Bc5 Be4 43. Nh5 Bg6 44. Nf4 Nf5 45. Qf2 Rc7 46. Ra5 Be8
47. g4 Ne7 48. Bd6 Rca7 49. Bc5 Rc7 50. Bd6 Rca7 1/2-1/2

[Event "Neuville en Ferrain-JEEN"]
[Site "Paris"]
[Date "2008.03.15"]
[Round "8.3"]
[White "Tupet, Guillaume"]
[Black "Yordanov, Nikolay"]
[Result "0-1"]
[WhiteElo "2051"]
[BlackElo "2181"]
[PlyCount "128"]
[EventDate "2008.03.15"]
[SourceDate "2007.10.24"]

1. d4 d5 2. Nf3 Nf6 3. c4 e6 4. Nc3 Be7 5. Bg5 O-O 6. e3 h6 7. Bh4 Ne4 8. Bxe7
Qxe7 9. Qc2 Nxc3 10. Qxc3 dxc4 11. Bxc4 Nd7 12. O-O c5 13. Rac1 a6 14. Bd3 b6
15. Be4 Rb8 16. Rfd1 Bb7 17. Bxb7 Rxb7 18. dxc5 Nxc5 19. Ne5 Qf6 20. Qd4 a5 21.
g3 Kh8 22. Kg2 Rbb8 23. Nc6 Rbc8 24. Qxf6 gxf6 25. Nd4 Kg7 26. f3 f5 27. Nb5
Rcd8 28. Kf1 Nd3 29. Rc6 Nxb2 30. Rxd8 Rxd8 31. Rxb6 Nc4 32. Rb7 Nxe3+ 33. Ke2
Nc4 34. Rc7 Nd6 35. Nxd6 Rxd6 36. Ra7 Rd5 37. Ke3 Kf6 38. Ra6 Ke5 39. Ra7 Kf6
40. Ra6 Kg6 41. Ke2 f4 42. Ra8 Re5+ 43. Kf2 Rc5 44. a4 Rc2+ 45. Kg1 fxg3 46.
hxg3 Rc5 47. Kf2 Kf6 48. Ra7 h5 49. Ra8 Rf5 50. Ke3 Ke7 51. Ra6 Kd7 52. Ke4 Kc7
53. f4 Kb8 54. Rb6+ Kc8 55. Rc6+ Kd7 56. Ra6 Ke7 57. Ra8 Kf6 58. Rb8 Rc5 59.
Rb5 Rxb5 60. axb5 Ke7 61. Kd4 Kd6 62. Kc4 f6 63. Kd4 e5+ 64. fxe5+ fxe5+ 0-1

[Event "Neuville en Ferrain-JEEN"]
[Site "Paris"]
[Date "2008.03.15"]
[Round "8.4"]
[White "Regoli, Stephane"]
[Black "Boudrenghien, Francois"]
[Result "1/2-1/2"]
[WhiteElo "2218"]
[BlackElo "2112"]
[PlyCount "136"]
[EventDate "2008.03.15"]
[SourceDate "2007.10.24"]

1. e4 d6 2. d4 Nf6 3. Nc3 e5 4. Nf3 Nbd7 5. Bc4 Be7 6. h3 O-O 7. Be3 c6 8. dxe5
Nxe5 9. Nxe5 dxe5 10. Qf3 Qc7 11. O-O Bd7 12. Rad1 Rad8 13. Bg5 Bc8 14. Bxf6
Bxf6 15. Ne2 Rxd1 16. Rxd1 Rd8 17. Ng3 Rxd1+ 18. Qxd1 Qd7 19. Qf3 b5 20. Bb3
Qe8 21. Nf5 Be6 22. Bxe6 Qxe6 23. b3 Qd7 24. Nh6+ gxh6 25. Qxf6 Qd1+ 26. Kh2
Qxc2 27. Qxe5 Qxf2 28. Qe8+ Kg7 29. Qxc6 Qxa2 30. Qxb5 Qf2 31. Qd3 Qf4+ 32. Kg1
Kf8 33. Qd8+ Kg7 34. Qd4+ Kf8 35. Qd8+ Kg7 36. Qd4+ Kf8 37. Qxa7 Qc1+ 38. Kh2
Qf4+ 39. Kh1 Qxe4 40. Qc5+ Ke8 41. b4 f5 42. b5 f4 43. Qc6+ Qxc6 44. bxc6 Kd8
45. Kg1 Kc7 46. Kf2 Kxc6 47. Kf3 Kd6 48. Kxf4 Ke6 49. Kg4 Kf6 50. Kh5 Kg7 51.
g3 Kh8 52. Kxh6 Kg8 53. h4 Kh8 54. g4 Kg8 55. Kg5 Kg7 56. Kf5 Kf7 57. Ke5 Ke7
58. Kd5 Kd7 59. g5 Ke7 60. Ke5 Kf7 61. Kf5 Kg7 62. h5 Kf7 63. Ke5 Ke7 64. g6
Kf8 65. Kf6 Kg8 66. Kg5 hxg6 67. hxg6 Kg7 68. Kf5 Kg8 1/2-1/2

[Event "Neuville en Ferrain-JEEN"]
[Site "Paris"]
[Date "2008.03.15"]
[Round "8.5"]
[White "Dessenne, Francois"]
[Black "Giroux, Fabrice"]
[Result "1/2-1/2"]
[WhiteElo "2082"]
[BlackElo "2165"]
[PlyCount "107"]
[EventDate "2008.03.15"]
[SourceDate "2007.10.24"]

1. e4 e6 2. d4 d5 3. Nd2 Nf6 4. e5 Nfd7 5. Bd3 c5 6. c3 Nc6 7. Ne2 cxd4 8. cxd4
f6 9. exf6 Nxf6 10. Nf3 Bd6 11. O-O Qc7 12. Nc3 a6 13. Bg5 O-O 14. Rc1 Nh5 15.
Ne5 Nf4 16. Bxf4 Rxf4 17. g3 Rf6 18. f4 Qb6 19. Nxc6 bxc6 20. Rf2 g6 21. Bf1
Bd7 22. Na4 Qa7 23. Nc5 Bc8 24. Qa4 Qb6 25. Rc3 e5 26. fxe5 Rxf2 27. Kxf2 Bxc5
28. Rxc5 Qxb2+ 29. Rc2 Qa1 30. Qxc6 Qxd4+ 31. Kg2 Kg7 32. Qf6+ Kh6 33. Qf8+ Kh5
34. Be2+ Bg4 35. Bxg4+ Qxg4 36. Qxa8 Qe4+ 37. Kf1 Qxc2 38. Qxd5 Qc1+ 39. Ke2
Qc2+ 40. Ke3 Qxh2 41. Qf3+ Kh6 42. Qf8+ Kh5 43. Qf4 Qg1+ 44. Ke4 Qb1+ 45. Kd4
Qb2+ 46. Kc5 Qb5+ 47. Kd6 Qb6+ 48. Ke7 Qc7+ 49. Kf6 Qd8+ 50. Kg7 Qe7+ 51. Kg8
Qe8+ 52. Kxh7 Qe7+ 53. Kg8 Qe8+ 54. Kg7 1/2-1/2

[Event "Neuville en Ferrain-JEEN"]
[Site "Paris"]
[Date "2008.03.15"]
[Round "8.6"]
[White "Logel, Matthieu"]
[Black "Warkentin, Jurgen"]
[Result "0-1"]
[WhiteElo "2015"]
[BlackElo "1939"]
[PlyCount "74"]
[EventDate "2008.03.15"]
[SourceDate "2007.10.24"]

1. e4 g6 2. d4 Bg7 3. Nc3 d6 4. Nf3 Nd7 5. Bc4 Nb6 6. Bb3 Nf6 7. Be3 O-O 8. Qd2
a5 9. a3 Be6 10. d5 Bc8 11. Bh6 Nbd7 12. h4 Bxh6 13. Qxh6 Ng4 14. Qd2 h5 15.
Ng5 Nc5 16. Bc4 Ne5 17. Be2 f6 18. Nh3 Bd7 19. O-O-O b5 20. Bxb5 Bxb5 21. Nxb5
Nxe4 22. Qe3 Nc5 23. Nd4 Rb8 24. b3 Qd7 25. Nf4 Kh7 26. f3 c6 27. g4 hxg4 28.
dxc6 Nxc6 29. Nxc6 Qxc6 30. Qxe7+ Kg8 31. b4 axb4 32. Rxd6 Nb3+ 33. Kb1 Qc3 34.
Qe6+ Kh7 35. cxb3 bxa3 36. Rh2 Rxb3+ 37. Ka2 Rb2+ 0-1

[Event "Neuville en Ferrain-JEEN"]
[Site "Paris"]
[Date "2008.03.15"]
[Round "8.7"]
[White "Vanacker, Stephane"]
[Black "Maillot, Fabien"]
[Result "0-1"]
[WhiteElo "2039"]
[BlackElo "2033"]
[PlyCount "88"]
[EventDate "2008.03.15"]
[SourceDate "2007.10.24"]

1. d4 f5 2. b3 Nf6 3. g3 e6 4. Bg2 c6 5. Nf3 d5 6. O-O Bd6 7. Ba3 Bxa3 8. Nxa3
O-O 9. Ne5 Nbd7 10. Nxd7 Bxd7 11. c4 Be8 12. Nc2 Bh5 13. c5 Qe7 14. f4 h6 15.
Qd2 Kh8 16. b4 Rg8 17. h4 g5 18. hxg5 hxg5 19. Kf2 gxf4 20. Qxf4 Ng4+ 21. Ke1
Kg7 22. Rh1 Rh8 23. Kd2 Bg6 24. Ne3 Nf6 25. Qe5 Kf7 26. Raf1 Nd7 27. Rxh8 Nxe5
28. Rxa8 Nc4+ 29. Nxc4 dxc4 30. Rxa7 Qg5+ 31. e3 c3+ 32. Ke2 Qxg3 33. Rxb7+ Kf6
34. Bxc6 Qh2+ 35. Rf2 Bh5+ 36. Bf3 Bxf3+ 37. Kxf3 Qh1+ 38. Ke2 Qxb7 39. a3 Qa6+
40. Kd1 Qd3+ 41. Ke1 Qb1+ 42. Ke2 c2 43. Rf1 Qxf1+ 44. Kxf1 c1=Q+ 0-1

[Event "Neuville en Ferrain-JEEN"]
[Site "Paris"]
[Date "2008.03.15"]
[Round "8.8"]
[White "Gatine, Aurelia"]
[Black "Warkentin, Sabine"]
[Result "1-0"]
[WhiteElo "2022"]
[BlackElo "1765"]
[PlyCount "81"]
[EventDate "2008.03.15"]
[SourceDate "2007.10.24"]

1. e4 c6 2. d4 d5 3. exd5 cxd5 4. Bd3 Nf6 5. h3 e6 6. Bf4 Bd6 7. Bxd6 Qxd6 8.
Qe2 Nc6 9. Nf3 O-O 10. c3 Re8 11. Ne5 a6 12. a4 Ne7 13. Nd2 Ng6 14. Bxg6 fxg6
15. h4 Bd7 16. h5 gxh5 17. Rxh5 Nxh5 18. Qxh5 Rf8 19. Ndf3 Be8 20. Qh4 Rf6 21.
Kd2 Rh6 22. Qg5 Qf8 23. b3 Rc8 24. Qg4 Bh5 25. Qg3 Bxf3 26. gxf3 Qf5 27. Rg1
Rc7 28. Qg4 Qf6 29. Qg3 Qf8 30. Ng4 Rh3 31. Qxh3 Qf4+ 32. Ne3 Qf6 33. Qg4 Qe7
34. Qf4 Rc8 35. Qe5 Qf7 36. f4 Rd8 37. f5 Re8 38. f6 g6 39. Ng4 Kh8 40. Nh6 Qf8
41. f7+ 1-0